00252nam a2200097Ia 4500082002400000100001800024245004700042260004600089300000700135546001200142 a664.804 772bCRO/PR aCrowther ,P C aProcessing of banana products for food use aLondonbTropical products institutec1979 a18 aEnglish